LEADER 03448nam 2200781Ia 450 001 9910139470703321 005 20251017110120.0 010 $a1-282-45618-0 010 $a9786612456183 010 $a92-4-068414-X 035 $a(CKB)2550000000005660 035 $a(EBL)476155 035 $a(OCoLC)609852924 035 $a(SSID)ssj0000358767 035 $a(PQKBManifestationID)11305176 035 $a(PQKBTitleCode)TC0000358767 035 $a(PQKBWorkID)10382246 035 $a(PQKB)10965637 035 $a(MiAaPQ)EBC476155 035 $a(Au-PeEL)EBL476155 035 $a(CaPaEBR)ebr10363988 035 $a(CaONFJC)MIL245618 035 $a(DNLM)1526226 035 $a(EXLCZ)992550000000005660 100 $a20100323d2009 uf 0 101 0 $aeng 135 $aur|n#---||||| 181 $ctxt 182 $cc 183 $acr 200 00$aDengue $eguidelines for diagnosis, treatment, prevention, and control 205 $aNew ed. 210 $aGeneva $cTDR $cWorld Health Organization$d2009 215 $a1 online resource (158 pages) 300 $a"WHO/HTM/NTD/DEN/2009.1." 300 $aA joint publication of the World Health Organization (WHO) and the Special Programme for Research and Training in Tropical Diseases (TDR). 311 1 $a92-4-154787-1 320 $aIncludes bibliographical references. 327 $aCover; Title page; Copyright; Contents; Preface; METHODOLOGY; ACKNOWLEDGEMENTS; ABBREVIATIONS; CHAPTER 1: Epidemiology, burden of disease and transmission; CHAPTER 2: Clinical management and delivery of clinical services; CHAPTER 3: Vector management and delivery of vector control services; CHAPTER 4: Laboratory diagnosis and diagnostic tests; CHAPTER 5: Surveillance, emergency preparedness and response; CHAPTER 6: New avenues 330 $aThis new edition has been produced to make widely available to health practitioners, laboratory personnel, those involved in vector control and other public health officials, a concise source of information of worldwide relevance on dengue. The guidelines provide updated practical information on the clinical management and delivery of clinical services; vector management and delivery of vector control services; laboratory diagnosis and diagnostic tests; and surveillance, emergency preparedness and response. Looking ahead, some indications of new and promising avenues of research are also descr 606 $aDengue 606 $aDengue$xPrevention 606 $aVector control 606 $aDengue$xepidemiology 606 $aDengue$xprevention & control 606 $aDengue$xtherapy 606 $aDisease Outbreaks$xprevention & control 606 $aMosquito Control$xmethods 608 $aGuideline. 615 0$aDengue. 615 0$aDengue$xPrevention. 615 0$aVector control. 615 12$aDengue$xepidemiology. 615 22$aDengue$xprevention & control. 615 22$aDengue$xtherapy. 615 22$aDisease Outbreaks$xprevention & control. 615 22$aMosquito Control$xmethods. 676 $a614.571 712 02$aSpecial Programme for Research and Training in Tropical Diseases. 712 02$aWorld Health Organization. 712 02$aWorld Health Organization.$bEpidemic and Pandemic Alert and Response. 801 0$bMiAaPQ 801 1$bMiAaPQ 801 2$bMiAaPQ 906 $aBOOK 912 $a9910139470703321 996 $aDengue$91960706 997 $aUNINA LEADER 01606nam 2200373 a 450 001 9910696359403321 005 20080115091853.0 035 $a(CKB)5470000002377236 035 $a(OCoLC)190811408 035 $a(EXLCZ)995470000002377236 100 $a20080115d2002 ua 0 101 0 $aeng 135 $aurbn||||||||| 181 $ctxt$2rdacontent 182 $cc$2rdamedia 183 $acr$2rdacarrier 200 10$a1999 archeological geophysical survey tests at Monroe School, Brown v. Board of Education National Historic Site, Topeka, Kansas$b[electronic resource] /$fby Robert K. Nickel and William J. Hunt, Jr 210 1$aLincoln, Neb. :$cU.S. Dept. of the Interior, National Park Service, Midwest Archeological Center,$d2002. 215 $aiii, 33 pages $cdigital, PDF file 225 1 $aTechnical report / Midwest Archeological Center ;$vno. 81 300 $aTitle from title screen (viewed on Jan. 8, 2008). 320 $aIncludes bibliographical references (page 15). 606 $aExcavations (Archaeology)$zKansas$zTopeka 607 $aBrown v. Board of Education National Historical Park (Topeka, Kan., and Summerton, S.C.)$xAntiquities 615 0$aExcavations (Archaeology) 700 $aNickel$b Robert K$01404295 701 $aHunt$b William J.$cJr.$01398875 712 02$aMidwest Archeological Center (U.S.) 801 0$bGPO 801 1$bGPO 906 $aBOOK 912 $a9910696359403321 996 $a1999 archeological geophysical survey tests at Monroe School, Brown v. Board of Education National Historic Site, Topeka, Kansas$93546102 997 $aUNINA